Comentarios a la Constitución Española de 1978

-д хадгалсан:
Номзүйн дэлгэрэнгүй
Үндсэн зохиолч: Cazorla Prieto, Luis María
Формат: Үл мэдэгдэх
Хэл сонгох:англи
Хэвлэсэн: España Aranzadi 2018
Хэвлэл:Primera edicion
Нөхцлүүд:
Шошгууд: Шошго нэмэх
Шошго байхгүй, Энэхүү баримтыг шошголох эхний хүн болох!

MARC

LEADER 00000 a2200000 4500
003 CL-VaPUC
005 20210402001825.0
008 200103b ||||| |||| 00| 0 eng d
999 |c 376096  |d 376094 
020 |a 9788491272105 
040 |c Pontificia Universidad Católica de Valparaíso 
082 |a 342.46 CAZ 2018 
100 1 0 |a Cazorla Prieto, Luis María  |9 605013 
245 1 0 |a Comentarios a la Constitución Española de 1978 
250 |a Primera edicion 
260 3 |b Aranzadi  |c 2018  |a España 
583 |k Hugo Gaete  |c 20200103 
650 0 0 |a CONSTITUCION ESPAÑOLA 1978  |9 395081 
650 0 0 |a Derecho constitucional   |9 222588 
650 0 0 |a COMENTARIOS  |9 313567 
651 0 |a España  |9 254926 
942 |2 ddc  |c BK 
952 |0 0  |1 0  |2 ddc  |4 0  |6 342_460000000000000_CAZ_2018  |7 0  |9 495309  |a BIBDER  |b BIBDER  |d 2020-01-02  |e 36  |g 190404.00  |h t.1  |i 5569079  |o 342.46 CAZ 2018   |p 5569079  |r 2023-01-25  |t 1  |v 190404.00  |w 2020-01-02  |y BK  |k DER 
952 |0 0  |1 0  |2 ddc  |4 0  |6 342_460000000000000_CAZ_2018  |7 0  |9 495310  |a BIBDER  |b BIBDER  |d 2020-01-02  |h t.2  |i 5571154  |o 342.46 CAZ 2018   |p 5571154  |r 2023-01-25  |t 1  |w 2020-01-02  |y BK  |k DER